00643nam a22001937a 450000500170000001000130001702000220003003500130005203700160006504000120008108200200009310000200011324501510013326000410028427000140032530000270033950000510036665000320041720170124105950.0 aA-828656 c00.00a0874776880 aA-828656 bCen Lib/Ret aDPLbEN a299.934092bCRA aCranaton, S.L.  aHPB :cby S.L. Cranstonbthe extraordinary life and influences of helena blavatsky, founder of the modern theosophical movement/ sylvia crnaston / aNew York bG.P. Putnam's Sons c1838 bNew York  axxiii, 648p.c22cm(Hb) aIncludes bibliographical references and index  aTheosophists vBiographies